| 000 | 01631cam a2200277 a 4500 | ||
|---|---|---|---|
| 001 | 17607706 | ||
| 005 | 20150513144509.0 | ||
| 008 | 130130t2013 flude frb 001 0 eng d | ||
| 020 | _a9781439842126 | ||
| 040 |
_aDLC _beng _cDLC _dDLC _dEG-ScBUE |
||
| 082 | 0 | 4 |
_a621.4025 _bTHU _222 |
| 100 | 1 |
_aKuppan, T., _d1957- _937995 |
|
| 245 | 1 | 0 |
_aHeat exchanger design handbook / _cKuppan Thulukkanam. |
| 250 | _a2nd ed. | ||
| 260 |
_aBoca Raton : _bCRC Press / Taylor & Francis Group, _cc.2013. |
||
| 300 |
_alv, 1216 p. : _bchart, plans ; _c25 cm. |
||
| 490 | 0 | _aMechanical engineering | |
| 500 | _aIndex : p. 1187-1216. | ||
| 504 | _aIncludes bibliographical references. | ||
| 520 | _a"This comprehensive reference covers all the important aspects of heat exchangers (HEs): design and modes of operation and practical, large-scale applications in process, power, petroleum, transport, air conditioning, refrigeration, cryogenics, heat recovery, energy, and other industries. It includes over 400 drawings, diagrams, tables, and equations, making it a great resource for mechanical, chemical, and petrochemical engineers; process equipment and pressure vessel designers; and upper-level undergraduate and graduate students. This second edition includes updated material throughout; coverage of the latest advances in HE design techniques; expanded and updated coverage of materials selection; and a look at the newest fabrication techniques". | ||
| 650 | 7 |
_aHeat exchangers _xDesign and construction. _2BUEsh _937996 |
|
| 651 | _2BUEsh | ||
| 653 |
_bENGMEC _cMay2015 |
||
| 655 |
_vreading book _934232 |
||
| 942 |
_2ddc _k621.4025 THU |
||
| 999 |
_c19348 _d19320 |
||